00249 a2200109 4500001000700000020002200007040003500029240003200064245002700096300000700123362000900130157547 a978-958-30-2784-0 cEscola São Tomás de Aquino10aEl león y la arañalspa10aEl león y la araña a360 a2007